000 00809nam a22001937a 4500
005 20250106171020.0
010 _aHN-129128
020 _a9788193709863
_c500.00
035 _aHN-101474
037 _bDBAD
082 _a822
100 _aइन्द्रा
_975943
245 _aनया रेडियो तथा अन्य नाटक/
_cइन्द्रा
250 _aप्रथम
260 _aदिल्ली
_bविनोद बुक हाउस
_c2023
270 _aए-55 / बी दितीय तल, गली नं जगापुरी एक्सटेंशन
_b दिल्ली
_e110093
_k9873620352
_mvbhouse2018@gmail.com
300 _a160पृ.
_c22सेमी (सजिल्द)
942 _2ddc
_cHN
_h822
_mइन्द्रा
999 _c208073
_d208073